Subsidence monitoring at a shallow partial extraction room-and-pillar mine in midwestern United States /

Bibliographic Details
Main Author: Chugh, Yoginder P.
Corporate Authors: Illinois State Geological Survey, Illinois Mine Subsidence Research Program
Other Authors: Atri, Anil
Format: Book
Language:English
Published: Champaign, Ill. : Illinois Mine Subsidence Research Program, Illinois State Geological Survey, 1990.
Series:IMSRP reprint ; 1990-5.
Subjects:

MARC

Tag First Indicator Second Indicator Subfields
LEADER 00000cam a2200000 a 4500
001 in00001403901
005 20151020054239.0
008 901001t19901989ilua b s000 0 eng d
035 |a (OCoLC)22456599 
035 |9 AHN0867AM 
040 |a JNA  |c JNA  |d SEM  |d UtOrBLW 
043 |a n-usm-- 
049 |a TXAM 
090 |a TN319  |b .C475 1990 
092 0 |a 622.334  |b C471s  |2 20 
100 1 |a Chugh, Yoginder P. 
245 1 0 |a Subsidence monitoring at a shallow partial extraction room-and-pillar mine in midwestern United States /  |c Yoginder P. Chugh & Anil Atri. 
264 1 |a Champaign, Ill. :  |b Illinois Mine Subsidence Research Program, Illinois State Geological Survey,  |c 1990. 
300 |a pages 715-722 :  |b illustrations ;  |c 28 cm. 
336 |a text  |b txt  |2 rdacontent 
337 |a unmediated  |b n  |2 rdamedia 
338 |a volume  |b nc  |2 rdacarrier 
490 1 |a IMSRP Reprint ;  |v 1990-5 
500 |a Cover title. 
504 |a Includes bibliographical references (page 722). 
500 |a "Reprinted from: Khair, A. Wahab (editor), Rock mechanics as a guide for efficient utilization of natural resources - Proceedings of the 30th U.S. Symposium, West Virginia, 19-22.06.1989." 
650 0 |a Mine subsidences  |z Mississippi River Valley. 
650 0 |a Coal mines and mining  |z Mississippi River Valley. 
700 1 |a Atri, Anil. 
710 2 |a Illinois State Geological Survey. 
710 2 |a Illinois Mine Subsidence Research Program. 
740 0 |a Rock mechanics as a guide for efficient utilization of natural resources. 
830 0 |a IMSRP reprint ;  |v 1990-5. 
999 |a MARS 
999 f f |s 4f3402bf-2d9d-3443-a83c-2e6aeb46d185  |i cc2ea40b-8f4b-302f-be9b-8e7c59b2fd4e  |t 0 
952 f f |p ric  |a Texas A&M University  |b Rellis Campus  |c Joint Library Facility  |d Remote Storage  |t 0  |e TN319 .C475 1990  |h Library of Congress classification  |i unmediated -- volume  |m A14812300764 
998 f f |a TN319 .C475 1990  |t 0  |l Remote Storage